Blackburn Rovers Squad 2024-2025 - Statistics

General Stats
  • This quiz has been taken 40 times
  • The average score is 22 of 34
Answer Stats
# Position Nation Player % Correct
9 FW Senegal Makhtar Gueye
88%
23 FW Japan Yuki Ohashi
88%
1 GK England Aynsley Pears
84%
10 FW England Tyrhys Dolan
84%
12 GK Hungary Balázs Tóth
80%
5 DF Scotland Dominic Hyam
80%
3 DF England Harry Pickering
80%
19 FW Wales Ryan Hedges
80%
6 MF Norway Sondre Tronstad
80%
8 MF England Todd Cantwell
80%
14 MF Austria Andreas Weimann
76%
47 FW Sierra Leone Augustus Kargbo
76%
17 DF England Hayden Carter
76%
27 MF England Lewis Travis
76%
- Coach France Valérien Ismaël
76%
2 DF England Callum Brittain
72%
15 DF England Danny Batth
72%
- Coach England John Eustace
72%
24 DF Wales Owen Beck
72%
4 DF Portugal Yuri Ribeiro
72%
42 FW Nigeria Emmanuel Dennis
64%
16 DF England Scott Wharton
64%
7 FW Iceland Arnór Sigurðsson
60%
11 DF England Joe Rankin-Costello
60%
21 MF England John Buckley
60%
28 MF England Adam Forshaw
56%
- Coach England David Lowe
48%
20 FW England Harry Leonard
48%
31 DF England Dion Sanderson
44%
45 FW England Cauley Woodrow
40%
13 GK England Joe Hilton
40%
42 MF England Lewis Baker
36%
4 DF England Kyle McFadzean
32%
33 FW England Amario Cozier-Duberry
24%
No matching quizzes found
Score Distribution
Percent of People with Each Score
Percentile by Number Answered
Your Score History
You have not taken this quiz